000
00223nam a22000857a 4500
008
160917b xxu||||| |||| 00| 0 eng d
100
_9
634
_a
Nagaraj.G
245
_a
Grammer Express-8
260
_a
New Delhi
_b
Frank publications
_c
2012
999
_c
3293
_d
3293